Movies Quiz

Random Movies or Letter Quiz
Score 0/20 Timer 08:00
0 Plays Today
% Correct
Pocahontas
94.9%
Armageddon
82.3%
Maleficent
80.9%
Spaceballs
78.9%
Purple Rain
76.5%
Scary Movie
74.6%
Dreamgirls
63.7%
Hellraiser
56.2%
Baby Driver
53.4%
Underworld
48.7%
% Correct
Concussion
48.1%
Collateral
45.7%
Skyscraper
45.1%
Foxcatcher
42.5%
Prometheus
37.3%
Goosebumps
37.3%
Pitch Black
34.9%
Invincible
29.8%
Ghost World
25.8%
Death Proof
25.5%
Remove Ads.
Support Sporcle.
Get the best of Sporcle when you Go Orange. This ad-free experience offers more features, more stats, and more fun while also helping to support Sporcle. Thank you for becoming a member.

You're not logged in!

Compare scores with friends on all Sporcle quizzes.
OR
Log In

Show Comments

Extras

Top Quizzes Today


Score Distribution

Your Account Isn't Verified!

In order to create a playlist on Sporcle, you need to verify the email address you used during registration. Go to your Sporcle Settings to finish the process.

Report this User

Report this user for behavior that violates our Community Guidelines.

Details: